000
00302nam a2200109Ia 4500
005
20251222114407.0
008
251222s1900||||xx |||||||||||||| ||spa||
082
_a
DVD0092/J92H/2006
245
0
_a
Padre Hugo de Censi: Un Sueño de Caridad en los Ándes
264
_b
Fajardo Olivares, Walter
942
_c
DVD
999
_c
1897
_d
1897